Heath Ledger Filmography - Statistics

General Stats
  • This quiz has been taken 182 times
    118 since last reset
  • The average score is 8 of 25
Answer Stats
Type Year Name % Correct
Film 2008 The Dark Knight
95%
Film 2005 Brokeback Mountain
78%
Film 1999 10 Things I Hate About You
74%
Film 2001 A Knight's Tale
56%
Film 2000 The Patriot
48%
Film 2001 Monster's Ball
31%
Film 2005 Casanova
30%
Film 2005 The Brothers Grimm
30%
Film 2009 The Imaginarium of Doctor Parnassus
30%
Film 2006 Candy
29%
Film 2003 Ned Kelly
26%
Film 2005 Lords of Dogtown
25%
TV Show 1997 Home and Away
23%
Film 2002 The Four Feathers
23%
Documentary 2017 I Am Heath Ledger
22%
TV Show 1997 Roar
19%
Film 2003 The Order
19%
Film 1999 Two Hands
19%
Film 2007 I'm Not There
18%
Film 1997 Blackrock
16%
Film 1997 Paws
16%
TV Show 1996 Sweat
16%
Film 1992 Clowning Around
13%
TV Show 1993, 1994 Ship to Shore
12%
TV Show 2007 Storm Hawks
0%
No matching quizzes found
Score Distribution
Percent of People with Each Score
Percentile by Number Answered
Your Score History
You have not taken this quiz since the last reset